Statistics for Nations Older than the US

Click here to take the quiz!

General Stats

  • This quiz has been taken 2,066 times
  • The average score is 53 of 86

Answer Stats

Hint Answer % Correct
221 BCChina
97%
1707United Kingdom
96%
862Russia
93%
660 BCJapan
92%
1469Spain
92%
3200 BCIran
91%
1299Turkey
91%
322 BCIndia
91%
3100 BCEgypt
91%
2334 BCIraq
90%
843France
89%
1523 *Sweden
88%
843Germany
87%
1139Portugal
86%
872Norway
83%
960Poland
80%
2879 BCVietnam
80%
980Denmark
79%
1156Austria
79%
300 BCSouth Korea
78%
2333 BCNorth Korea
78%
1238Thailand
77%
1206Mongolia
76%
1744Saudi Arabia
74%
1400 BCSyria
74%
802Cambodia
73%
1581Netherlands
72%
202 BCAlgeria
72%
895Hungary
72%
1020 BCIsrael
71%
789Morocco
71%
800 BCEthiopia
70%
1291Switzerland
70%
1711Libya
70%
1354Laos
69%
882Ukraine
69%
1200 BCLebanon
68%
168 BCJordan
68%
1709Afghanistan
66%
1768Nepal
64%
800Tunisia
64%
935Czech Republic
64%
756Vatican City
63%
768Serbia
63%
681Bulgaria
62%
1070 BCSudan
62%
751Oman
61%
190 BCArmenia
61%
849Myanmar
60%
833Slovakia
60%
930Iceland
58%
975Georgia
58%
879Croatia
57%
393 BCMacedonia
55%
1278Andorra
55%
1634Bhutan
53%
377 BCSri Lanka
53%
301San Marino
52%
400 BCAzerbaijan
51%
1297Monaco
51%
1500Somalia
50%
1230Mali
50%
1390Congo (both)
50%
1511Uzbekistan
49%
1037Turkmenistan
48%
1456Kazakhstan
48%
1377Bosnia and Herzegovina
47%
1192Cyprus
45%
700Chad
44%
1253Lithuania
43%
1719Liechtenstein
42%
1042Montenegro
41%
1359Moldova
37%
1701Ghana
37%
1137Eritrea
30%
977Brunei
28%
1220Zimbabwe
25%
1600Benin
25%
1140Maldives
21%
1200Rwanda
20%
1500Malawi
17%
1700Gabon
17%
1680Burundi
16%
950Tonga
16%
1537Guinea-Bissau
9%

Score Distribution

Percentile by Number Answered

Percent of People with Each Score

Your Score History

You have not taken this quiz